000 00969nam a2200217 i 4500
001 166450
003 ES-MaACL
005 20240229062729.0
008 940206m18351837sp |||| | spa d
040 _aCAM
_bspa
100 1 _aToreno, José María Queipo de Llano Ruiz de Saravia,
_cConde de,
_d1786-1843
_9143059
245 1 0 _aHistoria del levantamiento, guerra y revolución de España /
_cpor el Conde de Toreno.
260 _aMadrid :
_b[s.n.],
_c1835-1837 (
_fImp. de Tomás Jordán)
300 _a5 v. ;
_c23 cm.
530 _aDisponible en formato digital.
597 _aT. I. 411, 125 p. -- t. II. 394, 46 p. -- t. III. 498, 55 p. -- t. IV. 416, 18 p -- t. V. 556, 74, IX p.
651 4 _aEspaña-
_xHistoria-
_y1808-1814, Guerra de la Independencia
_98244
852 _aES-MaACL
_jZ-116-120
_z-- Enc. hol.
_xOlim: C-549-553
856 _uhttp://bdh-rd.bne.es/viewer.vm?id=0000005072&page=1
_zBiblioteca Digital Hispánica
999 _c166450
_d166450